|
|
|
|
| LEADER |
00000cam a2200000 a 4500 |
| 001 |
vtls010546775 |
| 003 |
SK-MaSNL |
| 005 |
20260302060627.0 |
| 008 |
240314s2013 xo g 000 f slo |
| 015 |
|
|
|a SNBA2013/10
|
| 020 |
|
|
|a 9788085446753
|q (brož.)
|
| 035 |
|
|
|a 124EC950-A627-4A17-8F85-B7DABBF4AC93
|
| 035 |
|
|
|a urn:nbn:sk:snk-amjnwa
|
| 035 |
|
|
|a urn:nbn:sk:snk-am002ez0
|
| 040 |
|
|
|a SNK
|b slo
|c SNK
|e AACR2
|
| 041 |
0 |
|
|a slo
|
| 044 |
|
|
|a xo
|c SK
|
| 072 |
|
7 |
|a 821.162.4-3
|x Slovenská próza
|2 konspekt
|
| 080 |
|
|
|a 821.162.4-31
|2 2001
|
| 100 |
1 |
|
|a Lukáčková-Mináriková, Viera,
|d 1937-
|4 aut
|9 659295
|
| 245 |
1 |
0 |
|a Záhada červených ruží
|c Viera Lukáčková- Mináriková
|
| 250 |
|
|
|a 1. vyd
|
| 260 |
|
|
|a Bratislava
|b [Viera Lukáčková- Mináriková]
|c 2013
|
| 300 |
|
|
|a 195 s.
|c 18 cm
|
| 655 |
|
7 |
|a slovenské romány
|2 SNKPH
|9 70324
|
| 655 |
|
7 |
|a Slovak fiction
|2 SNKPHeng
|9 277096
|
| 919 |
|
|
|a 978-8085446-75-3
|
| 958 |
|
|
|a LX
|
| 999 |
|
|
|c 1121985
|d 1123915
|
| 952 |
|
|
|a SNK
|b SNK
|y PREZ
|7 0
|p 17A1082346
|o snkSD 82590
|i snk2013/25923
|8 0
|0 0
|1 0
|4 0
|d 2013-10-25
|l 0
|r 2025-12-04 00:00:00
|w 2026-02-24
|
| 952 |
|
|
|a SNK
|b SNK
|y VYP
|7 0
|p 17A1082345
|o snkSD 82590 D1
|i snk2013/25924
|8 0
|0 0
|1 0
|4 0
|d 2013-10-25
|f 1
|l 0
|r 2017-06-30 00:00:00
|w 2026-02-24
|